<?xml version="1.0" encoding="UTF-8"?>
<record
    xmlns:xsi="http://www.w3.org/2001/XMLSchema-instance"
    xsi:schemaLocation="http://www.loc.gov/MARC21/slim http://www.loc.gov/standards/marcxml/schema/MARC21slim.xsd"
    xmlns="http://www.loc.gov/MARC21/slim">

  <leader>01072nam a22001937a 4500</leader>
  <controlfield tag="005">20220210164449.0</controlfield>
  <controlfield tag="008">220210b           ||||| |||| 00| 0 eng d</controlfield>
  <datafield tag="020" ind1=" " ind2=" ">
    <subfield code="a">9780190648534</subfield>
  </datafield>
  <datafield tag="082" ind1=" " ind2=" ">
    <subfield code="a">JZ1242.S555(3e)</subfield>
  </datafield>
  <datafield tag="100" ind1=" " ind2=" ">
    <subfield code="9">Shiraev, Eric B.</subfield>
  </datafield>
  <datafield tag="245" ind1=" " ind2=" ">
    <subfield code="a">International relations /</subfield>
    <subfield code="c">Eric B. Shiraev and Vladislavm Zubok.</subfield>
  </datafield>
  <datafield tag="250" ind1=" " ind2=" ">
    <subfield code="a">3rd ed.</subfield>
  </datafield>
  <datafield tag="260" ind1=" " ind2=" ">
    <subfield code="a">New York :</subfield>
    <subfield code="b">Oxford University Press,</subfield>
    <subfield code="c">2020.</subfield>
  </datafield>
  <datafield tag="300" ind1=" " ind2=" ">
    <subfield code="a">xviii, 433p. :</subfield>
    <subfield code="b">ill. col ;</subfield>
    <subfield code="e">24 cm.</subfield>
  </datafield>
  <datafield tag="500" ind1=" " ind2=" ">
    <subfield code="a">Includes bibliographical references.</subfield>
  </datafield>
  <datafield tag="505" ind1=" " ind2=" ">
    <subfield code="a">Contents:Part I: Studying international relations: Introducing international relations -- The evolution of international relations -- Realism and liberalism -- Alternative views -- Part II: Three facets of international relations: International security -- International law and international organizations -- International political economy and development -- Part III: Twenty-first-century challenges: Terrorism and evolving security challenges -- Environmental issues -- Humanitarian concerns.</subfield>
  </datafield>
  <datafield tag="700" ind1=" " ind2=" ">
    <subfield code="a">Zubok, Vladislavm.</subfield>
  </datafield>
  <datafield tag="942" ind1=" " ind2=" ">
    <subfield code="2">lcc</subfield>
    <subfield code="c">BK</subfield>
  </datafield>
  <datafield tag="999" ind1=" " ind2=" ">
    <subfield code="c">8668</subfield>
    <subfield code="d">16168</subfield>
  </datafield>
  <datafield tag="952" ind1=" " ind2=" ">
    <subfield code="0">0</subfield>
    <subfield code="1">0</subfield>
    <subfield code="2">lcc</subfield>
    <subfield code="4">0</subfield>
    <subfield code="7">0</subfield>
    <subfield code="a">WIUC-1</subfield>
    <subfield code="b">WIUC-1</subfield>
    <subfield code="c">REF</subfield>
    <subfield code="d">2022-02-10</subfield>
    <subfield code="l">0</subfield>
    <subfield code="o">JZ1242.S555(3e)</subfield>
    <subfield code="p">9101/576/22</subfield>
    <subfield code="r">2022-02-10 00:00:00</subfield>
    <subfield code="t">1</subfield>
    <subfield code="w">2022-02-10</subfield>
    <subfield code="y">BK</subfield>
  </datafield>
  <datafield tag="952" ind1=" " ind2=" ">
    <subfield code="0">0</subfield>
    <subfield code="1">0</subfield>
    <subfield code="2">lcc</subfield>
    <subfield code="4">0</subfield>
    <subfield code="7">0</subfield>
    <subfield code="a">WIUC-1</subfield>
    <subfield code="b">WIUC-1</subfield>
    <subfield code="c">REF</subfield>
    <subfield code="d">2022-02-10</subfield>
    <subfield code="l">0</subfield>
    <subfield code="o">JZ1242.S5551(3e)</subfield>
    <subfield code="p">9122/571/22</subfield>
    <subfield code="r">2022-04-13 00:00:00</subfield>
    <subfield code="t">2</subfield>
    <subfield code="w">2022-02-10</subfield>
    <subfield code="y">BK</subfield>
  </datafield>
</record>
